| 000 | 00347nam a22001577a 4500 | ||
|---|---|---|---|
| 003 | SGT | ||
| 020 | _a978-81-317-1740-0 | ||
| 082 |
_a615.19 _bA17G |
||
| 100 | _aGERALD, CURTIS F. | ||
| 245 | _aAPPLIED NUMERICAL ANALYSIS | ||
| 250 | _a7TH | ||
| 260 |
_aNOIDA _bPEARSON EDUCATION _c2017 |
||
| 300 | _a609 | ||
| 650 | _aPHARMACY | ||
| 942 |
_2ddc _cBK |
||
| 999 |
_c20505 _d20505 |
||